[Event "SLO-chT 10th"]
[Site "Bled"]
[Date "2000.10.16"]
[Round "3"]
[White "Sax, Gyula"]
[Black "Atalik, Suat"]
[Result "1-0"]
[WhiteElo "2563"]
[BlackElo "2549"]
[Annotator "Atalik,S"]
[PlyCount "61"]
[EventDate "2000.10.14"]
[EventType "team-tourn"]
[EventRounds "7"]
[EventCountry "SLO"]
[SourceTitle "CBM 079"]
[Source "ChessBase"]
[SourceDate "2000.11.21"]
[SourceVersion "1"]
[SourceVersionDate "2000.11.21"]
[SourceQuality "1"]
[WhiteTeam "Maribor SK Piramida"]
[BlackTeam "Ptuj"]
[WhiteTeamCountry "SLO"]
[BlackTeamCountry "SLO"]

1. e4 e5 2. Nf3 Nc6 3. Bb5 a6 4. Ba4 Nf6 5. O-O Be7 6. Re1 b5 7. Bb3 O-O 8. c3
d5 9. exd5 Nxd5 10. Nxe5 Nxe5 11. Rxe5 c6 12. d4 Bd6 13. Re1 Qh4 14. g3 Qh3 15.
Re4 g5 $1 16. Qe2 Bf5 (16... f5 $2 17. Bxd5+ $1 (17. Re6 $2 Bxe6 18. Qxe6+ Kh8
19. Qxd6 Rae8 20. Bd2 f4 $19) (17. Re8 $2 f4 18. Rxf8+ Kxf8 $40) 17... cxd5 18.
Re6 Bc7 (18... Bxe6 $2 19. Qxe6+ Kg7 20. Bxg5 $1 (20. Qxd6 Rae8 21. Qd7+ Kh8
22. Bd2 Re2 $44) 20... Rae8 21. Qd7+ $1 (21. Bf6+ $2 Rxf6 22. Qxe8 f4 23. Nd2
f3 $19 (23... fxg3 $5 24. fxg3 Bxg3 25. Qe2 Bxh2+ 26. Qxh2 Qe3+ 27. Kh1 Rh6 $19
)) 21... Kg8 22. Nd2 Qh5 23. Qxd6 Qxg5 24. Qxd5+ $18) 19. Bxg5 f4 20. Rh6 (20.
Re7 Bg4) 20... f3 21. Qf1 Qf5 22. Be3 Qc2 $44) (16... Nf6 17. Bxg5 Nxe4 18.
Qxe4 Bd7 19. Nd2 Rfe8 20. Qf3 Qf5 21. Qxf5 Bxf5 22. Be3 $16) 17. Nd2 Nf6 (17...
b4 $6 18. cxb4 (18. c4 $6 Nf6 19. f3 c5 $40) 18... Bxb4 19. Re5 $16) 18. f3
Nxe4 $2 (18... Rae8 19. Rxe8 Rxe8 20. Qf2 $1 (20. Qf1 $6 Qh5 21. a4 Qg6 22.
axb5 Bd3 23. Qd1 Be2) 20... g4 21. Ne4 Bxe4 22. fxe4 Rxe4 23. Bg5 Nd5 24. Bh4
$16) 19. Nxe4 Bxe4 $2 (19... Be7 $4 20. Nf2 $18) (19... Qh6 $1 20. Bxg5 Qg6 21.
Nxd6 Qxd6 22. Re1 $16) 20. fxe4 Be7 21. Be3 $16 Kh8 (21... Qh6 22. Rf1 Qg6 23.
Rf5 $18) (21... Kg7 $1 22. Rf1 f6 23. Rf5 $16) 22. Rf1 f5 $2 (22... f6 23. Rf5
$16) 23. Be6 $18 Qg4 24. Qxg4 fxg4 25. Bd7 $1 (25. Bxg4 $18) 25... Rxf1+ 26.
Kxf1 b4 27. Bxc6 (27. cxb4 $5 a5 28. bxa5 Rxa5 29. a3 $18) 27... bxc3 28. bxc3
Rb8 29. e5 Rb2 30. d5 Kg7 31. d6 (31. d6 Bd8 32. e6 Kf6 33. e7 Bxe7 34. Bxg5+
Kxg5 35. dxe7) 1-0

[Event "EU-Cup 20th"]
[Site "Izmir"]
[Date "2004.10.04"]
[Round "2.1"]
[White "Naiditsch, Arkadij"]
[Black "Ivanchuk, Vassily"]
[Result "1-0"]
[WhiteElo "2611"]
[BlackElo "2705"]
[Annotator "Atlas,V"]
[PlyCount "95"]
[EventDate "2004.10.03"]
[EventType "team-swiss"]
[EventRounds "7"]
[EventCountry "TUR"]
[SourceTitle "CBM 104"]
[Source "ChessBase"]
[SourceDate "2005.01.27"]
[SourceVersion "1"]
[SourceVersionDate "2005.01.27"]
[SourceQuality "1"]
[WhiteTeam "Tiendas"]
[BlackTeam "Warsaw Polonia"]
[WhiteTeamCountry "ESP"]
[BlackTeamCountry "POL"]

1. e4 e5 2. Nf3 Nc6 3. Bb5 a6 4. Ba4 Nf6 5. O-O Be7 6. Re1 b5 7. Bb3 O-O 8. c3
d5 9. exd5 Nxd5 10. Nxe5 Nxe5 11. Rxe5 c6 12. d3 Bd6 13. Re1 Bf5 14. Qf3 Qh4
15. g3 Qh3 16. Bxd5 cxd5 17. Be3 Bxd3 18. Qxd5 Rad8 19. Qf3 Bc4 20. Nd2 Be6 21.
Bd4 Be7 22. Qg2 Qh5 23. Re5 Qg6 24. Ne4 Rd7 25. Nc5 Bxc5 26. Rxc5 Rfd8 27. Qf3
h6 28. h4 Bxa2 29. Rc6 Qc2 30. Rxa6 Bd5 31. Qg4 f5 32. Qf4 Re8 33. Kh2 Qd3 34.
Rg6 Re4 35. Qb8+ Kh7 36. Raa6 Qd2 (36... Rxd4 {is refuted by} 37. Qf8 $1 Rg4 (
37... Qd2 38. Qxf5) 38. Rxh6+ gxh6 39. Rxh6#) 37. Rxh6+ {'!' This terrific
blow crowns White's attack.} Qxh6 (37... gxh6 38. Qh8#) 38. Rxh6+ Kxh6 ({Or} 
38... gxh6 39. Qh8+ Kg6 40. Qf6+ Kh7 41. Qxf5+ {, winning.}) 39. Qh8+ Kg6 40.
h5+ Kg5 (40... Kf7 {loses to} 41. Qxg7+ Ke8 42. Qh8+ Kf7 43. Bc5 Re8 44. Qh7+
Kf6 45. Qh6+ Ke5 (45... Kf7 46. Qg6#) 46. Bd4+ Ke4 47. Qe3#) 41. Bxg7 (41. Kh3
{, threatening 42.f4, was another winning continuation.}) 41... Kg4 42. Qh6 f4
43. Qg6+ Kf3 44. h6 Kxf2 45. h7 Re3 46. Bd4 Rxh7+ 47. Qxh7 fxg3+ 48. Kh3 1-0

[Event "Asia-ch"]
[Site "Kolkata"]
[Date "2001.08.16"]
[Round "10"]
[White "Nolte, Rolando"]
[Black "Yurtaev, Leonid"]
[Result "0-1"]
[WhiteElo "2324"]
[BlackElo "2543"]
[Annotator "Atlas,V"]
[PlyCount "62"]
[EventDate "2001.08.09"]
[EventType "swiss"]
[EventRounds "11"]
[EventCountry "IND"]
[SourceTitle "CBM 085"]
[Source "ChessBase"]
[SourceDate "2001.11.13"]
[SourceVersion "1"]
[SourceVersionDate "2001.11.13"]
[SourceQuality "1"]

1. e4 e5 2. Nf3 Nc6 3. Bb5 a6 4. Ba4 Nf6 5. O-O Be7 6. Re1 b5 7. Bb3 O-O 8. c3
d5 9. exd5 Nxd5 10. Nxe5 Nxe5 11. Rxe5 c6 12. d4 Bd6 13. Re1 Qh4 14. g3 Qh3 15.
Be3 Be6 16. Nd2 Bg4 17. Qb1 f5 18. f4 g5 $1 {[%csl Rf4,Rg3][%cal Gg5f4,Gd6f4]}
19. Qc2 (19. Rf1 {is strongly met by} Rae8 $40) 19... gxf4 20. Bxf4 Bxf4 21.
gxf4 Kh8 22. Bxd5 cxd5 23. Nf1 Rg8 24. Ng3 Bf3 25. Qf2 {[%tqu "En","How can
Black use the superior activity of his pieces?","Use the tension on the
g-file","Use your g8-rook for a decisive blow!","g8g3","This blow crowns
Black's previous play.",5]} Rxg3+ $1 {[%csl Rg1,Rh1][%cal Ga8g8,Gh3h1,Gf3h1,
Gg8g1] The powerful blow spelling the quick end for White.} 26. Qxg3 ({Or} 26.
hxg3 Qh1#) 26... Rg8 27. Re8 {[%cal Ge8h8,Gg8g1] White's last hope...} Qxg3+ {
This move deprives White of last illusions.} 28. hxg3 Rxe8 29. Kf2 Bg4 30. Re1
Re4 31. Re3 Kg7 0-1

[Event "EU-ch 17th"]
[Site "Gjakova"]
[Date "2016.05.17"]
[Round "6"]
[White "Saric, Ivan"]
[Black "Matlakov, Maxim"]
[Result "1-0"]
[WhiteElo "2650"]
[BlackElo "2693"]
[Annotator "Baldauf,M"]
[PlyCount "95"]
[EventDate "2016.05.12"]
[EventType "swiss"]
[EventRounds "11"]
[EventCountry "KOS"]
[SourceTitle "CBM 173"]
[Source "ChessBase"]
[SourceDate "2016.07.12"]
[SourceVersion "1"]
[SourceVersionDate "2016.07.12"]
[SourceQuality "1"]

1. e4 e5 2. Nf3 Nc6 3. Bb5 a6 4. Ba4 Nf6 5. O-O Be7 6. Re1 b5 7. Bb3 O-O 8. c3
d5 9. exd5 Nxd5 10. Nxe5 Nxe5 11. Rxe5 c6 12. d3 Bd6 13. Re1 Bf5 14. Qf3 Re8 (
14... Qh4 {is the alternative.} 15. g3 Qh3 16. Be3 Bxd3 17. Nd2 Qf5 18. Bd4
Rae8 19. Kg2 Qxf3+ 20. Kxf3 Re6 21. Rac1 h6 22. Kg2 Rg6 23. Ne4 Nf4+ 24. Kf3
Bxe4+ 25. Rxe4 Nd3 26. Rd1 Nxb2 27. Rd2 Ba3 28. Bb6 Rd6 29. Rxd6 Bxd6 30. Re2
Nd3 31. Rd2 Ne5+ 32. Kg2 Be7 33. f4 Nc4 34. Bxc4 bxc4 35. Rd7 Bf6 36. Rc7 Bxc3
37. Rxc6 Rb8 38. a4 Bb2 39. Ba5 c3 40. Bxc3 Bxc3 41. Rxc3 Rb4 42. a5 Rb5 43.
Ra3 Rb2+ 44. Kh3 f5 45. Rc3 Rb5 46. Ra3 g5 47. fxg5 hxg5 48. Kg2 Kg7 49. h4 g4
50. Rc3 Rxa5 51. Rc6 Ra2+ 52. Kg1 a5 53. Ra6 a4 54. Kh1 Kf7 55. Kg1 Ra1+ 56.
Kg2 Ra3 57. Kh2 Ra2+ 58. Kg1 Ke7 59. Kh1 a3 60. Kg1 {1/2-1/2 (60) Wei Yi (2706)
-Carlsen,M (2844) Wijk aan Zee NED 2016}) 15. Rxe8+ Qxe8 16. Nd2 Qe1+ 17. Nf1
Bg6 $44 {One of the great "tabiyas" of modern opening play. In principle the
black pair of bishops and the restricted white pieces should guarantee Black
equality.} 18. g3 (18. Bc2 b4 19. c4 b3 20. Bd1 Nb4 21. Bd2 Qe5 22. Bc3 Qc5 23.
Bxb4 Qxb4 24. Bxb3 Qb6 25. Re1 Bc5 26. Ba4 Rd8 27. Rd1 Qxb2 28. Bxc6 Bh5 29.
Rb1 Qxb1 30. Qxh5 Bxf2+ 31. Kxf2 Qb6+ 32. Ne3 Qxc6 33. Nd5 Qd6 34. g3 h6 35.
Qe2 Rb8 36. Kg2 Kh8 37. h4 Qa3 38. Kh3 Qc1 39. Nf4 Qb2 40. Qe7 Qb7 41. Qe5 Qd7+
42. Kh2 Kg8 43. Qxb8+ {1-0 (43) Karjakin,S (2762)-Svidler,P (2727) Baku AZE
2015}) (18. Bxd5 {Taking the second pawn does not yield anything for White.
After} cxd5 19. Qxd5 Rd8 20. Bg5 Qxa1 21. Bxd8 Bf8 22. h4 h6 23. h5 Bh7 {
wins the pawn b2.} 24. f4 Qxb2 25. Ba5 Qa3 26. Qd8 Qd6 27. Qe8 Qe6 28. Qd8 Qd6
29. Qe8 Qe6 30. Qd8 {1/2-1/2 (30) Sevian,S (2531)-Naroditsky,D (2633) Saint
Louis 2015}) 18... b4 $1 {Black has to keep the pressure because White
threatened to free himself with Bd1 and Bd2.} 19. c4 {A move White does not
really want to make - it obstructs his own bishop.} (19. h4 $2 h5 20. c4 Nf6
21. Bd1 Re8 22. Bd2 Qe5 23. Rc1 Bc5 24. a3 a5 25. axb4 axb4 26. Rc2 Ng4 27. Ne3
Qd6 28. Nxg4 hxg4 29. Qxg4 Bh5 30. Qxh5 Qxg3+ 31. Kh1 Qxf2 {0-1 (31) Ivanchuk,
V (2720) -Svidler,P (2745) Reykjavik ISL 2015}) 19... Nf6 20. Qxc6 $146 {
[#] This brave move has never before been played in a game with classical time
control. White wins a second pawn but continues to neglect his darlings on c1,
a1 and f1.} (20. Bd1 Re8 21. Bd2 Qe5 $44 {0-1 (35) Stellwagen,D (2639)
-Gustafsson,J (2606) Germany 2008}) 20... Rd8 21. Qb6 Rd7 22. Bc2 {Defending
d3 and preparing Rb1 followed by Bd2 to liberate the pieces.} (22. Qe3 $6 Re7
23. Qxe1 Rxe1) 22... Ng4 {The following moves all win favor with the engines
and are indicated by Let's Check - this and the fact that both players hardly
used any time indicates that they were still in their preparation.} 23. Rb1 Qe2
24. Bd2 Ne5 25. Qe3 Qh5 26. Bd1 Qf5 27. Be2 {Here Saric invested 14 minutes.}
f6 28. b3 Bc5 29. Qf4 Qxf4 30. Bxf4 Nxd3 31. Bxd3 Rxd3 {Apparently both
players were ready to play this kind of endgame. Black's compensation is
obvious: He has the bishops pair, a more active rook and a strong
white-squared bishop. But White trusts his solid extra pawn.} 32. Re1 {[#]} Kf7
$6 {The first step in the wrong direction.} (32... Bd4 $1 33. Be3 (33. Re7 $6 {
White cannot allow himself such pseudo-active play:} Rd1 34. Kg2 Ra1 $36) 33...
Bc3 34. Rc1 Be4 $44) 33. Be3 Bd6 (33... Bxe3 $2 34. Nxe3 $14) 34. Bb6 $1 {
Liberating e3 for the knight and toying with the idea to advance the c-pawn to
c5 - and further down the board.} Be5 35. Bc5 a5 $2 (35... Bc3 $1 36. Re7+ Kg8
{is certainly a concession but was the lesser evil.} 37. Ne3 (37. Kg2 a5 38. g4
$13) 37... Rd2 38. Nd5 Rxa2 39. Bxb4 Be5 $44) 36. f4 $1 Bd6 (36... Bc3 37. Re7+
Kg8 38. Ne3 $16 {[%cal Ge3d5]}) 37. Bxd6 Rxd6 38. Ne3 Be4 39. c5 Rc6 40. Nc4
Bd5 41. Nd6+ Kg6 42. Rc1 $18 {Black's compensation vanished completely: the
rook is passive, the king is cut off and the bishops pair was reduced by half.}
a4 43. Nb5 axb3 44. axb3 Rc8 45. Nd4 Kf7 46. Kf2 Ke7 47. Ke3 Kd7 48. Kd3 1-0

[Event "Warsaw Najdorf Memorial"]
[Site "Warsaw"]
[Date "2008.08.08"]
[Round "7"]
[White "Berg, Emanuel"]
[Black "Olszewski, Michal"]
[Result "1-0"]
[WhiteElo "2592"]
[BlackElo "2458"]
[Annotator "Berg,E"]
[PlyCount "103"]
[EventDate "2008.08.02"]
[EventType "tourn"]
[EventRounds "9"]
[EventCountry "POL"]
[EventCategory "15"]
[SourceTitle "CBM 126"]
[Source "ChessBase"]
[SourceDate "2008.10.01"]
[SourceVersion "1"]
[SourceVersionDate "2008.10.01"]
[SourceQuality "1"]

1. e4 e5 2. Nf3 Nc6 3. Bb5 a6 4. Ba4 Nf6 5. O-O Be7 6. Re1 b5 7. Bb3 O-O 8. c3
{As my opponent had never actually played the Mashall before, but had only
used it as a threat a couple of times to avoid the main lines I decided to
take the chance he would not do against me either.} d5 9. d4 $5 {This was my
backup plan I had prepared just in case. I tried it for the first time in the
last round of Gibraltar Masters earlier this year when I won against Mark
Hebden. Black seems to have rather easy equality at a first sight, but having
studied the position for a while I am not that convinced anymore.} exd4 {
The main move which was also played by Hebden.} ({After} 9... Nxe4 10. dxe5 Be6
11. Nbd2 {we enter a variation of the Open Spanish after a change of move
order.}) ({After} 9... dxe4 {Black usually gives up a pawn, but gets good
piece play in compensation} 10. Nxe5 Nxe5 (10... Bb7 $5) 11. dxe5 Qxd1 12. Bxd1
Nd5 13. Rxe4 Bf5 14. Re1 Rfe8 {and Black is rather active, but I still prefer
White and the extra pawn.}) 10. e5 Ne4 11. cxd4 Bb4 {My opponent still played
his moves rather quickly and as we were still following my game against Hebden
I got a bit worried about possible preparation.} 12. Nbd2 Bxd2 $5 $146 {
A novelty. Black gives away his pair of bishops in order to set up a pin with .
..Bg4.} ({The immediate} 12... Bg4 $2 {is favourable to White after the
exchange sacrifice} 13. Nxe4 $1 Bxe1 (13... Bxf3 14. Qxf3 Bxe1 15. Nf6+ $1 gxf6
16. exf6 (16. Bh6 Bd2 $1) 16... Kh8 17. Bh6 Re8 18. Bg7+ Kg8 19. Bc2 $1 (19.
Bxd5 Nxd4 20. Qg4 Qc8 21. Qxd4 Qd7 22. Bh6 Kh8 23. Rd1 Re2 24. Be3 c6 25. Kf1
Bxf2 26. Kxe2 Bxe3 27. Kxe3 cxd5 28. Qxd5 Re8+ 29. Kf3 $16) 19... Re4 $8 20.
Bh6 Kh8 21. Rd1 $1 Qd7 22. Bxe4 dxe4 23. Qf4 $1 Nxd4 24. Qg5 Ne6 25. Rxd7 Nxg5
26. Bxg5 $18 {with a winning advantage for White in the endgame.}) 14. Neg5 {
and White threatens, as well as the bishop on e1 also to play Qc2 with the
double threats on h7 and c6.}) ({The game against Hebden continued with} 12...
Bf5 13. a3 Be7 14. Bc2 f6 $2 {after which White won material by} 15. Nxe4 dxe4
16. Nh4 $1 $16) 13. Bxd2 Bg4 14. Be3 Na5 15. Bc2 $6 {A slight mistake. Now
White is set under pressure.} ({Instead} 15. Qc1 $1 {should be played with the
idea of Ng5 or Nd2.} Nxb3 (15... f5 16. Ng5 $1 Nxb3 17. axb3 f4 (17... Qd7 18.
f3 Nxg5 19. Bxg5 Bh5 20. e6 $16) 18. Bxf4 Nxf2 19. e6 $1 $16) 16. axb3 Qd7 (
16... f5 17. Ng5 $1) 17. Nd2 $14 {White will continue with f3 to exchange of
the black knight on e4. Then White will be able to use the half-open a- and
c-files on the queenside and Black is under some pressure.}) 15... f5 {Now
Black is about to play ...f4 followed by ...Ng5 putting more pressure on the
f3-Knight. White needs to react quickly not to get a worse position.} 16. Bd3
Rb8 $1 {A smart move. Black likes to activate his rook via b6 over to the
kingside, creating an attack.} 17. h3 Bh5 18. Be2 {Preparing Nh2.} g5 $6 {
An aggressive move. Unfortunately it offers White a combinational possibility.}
({Better was to stick to the original plan by} 18... Rb6 {first to bulid up
the position a bit further.} 19. Nh2 (19. Bf4 h6) 19... Bxe2 20. Qxe2 Rg6 21.
Bf4 Qh4 22. Qf3 Nc6 23. Red1 Nd8 $15 {Black will place the knight on e6,
blocking the passed e-pawn and has a solid advantage.}) 19. Bxg5 $1 {Using the
tactical possibilities in the position and not the least the misplaced knight
on a5.} Nxg5 20. Nxg5 Bxe2 21. Qd2 {White protects the knight on g5 and
threatens a fork on e6 and in addition both the black pieces are hangng.} Nc4
22. Qf4 {A good position for the queen that blocks Black's counterplay with...
f4.} Bh5 23. b3 (23. Ne6 {leads to the game position by transposition after}
Qe7 24. Nxf8 Rxf8 25. b3 Nb6 {but doesn't allow Black to deviate.}) 23... Nb6 (
{Black could have given back material by} 23... Qe7 {but after} 24. bxc4 h6 25.
Nf3 bxc4 26. e6 $1 $36 Rb6 27. Ne5 Rxe6 28. Re3 $44 {[%csl Ge5,Rg8] White has
a very strong initiative. A golden knight on e5 and lots of activity for the
cost of a pawn.}) (23... Na5 {was perhaps better, but here too White is very
active after} 24. Ne6 {e.g.} Qe7 25. Nxf8 Rxf8 26. Rac1 Be8 27. e6 c6 28. Rc3
Nb7 29. Rg3+ Bg6 30. h4 Kh8 31. Rg5 Nd6 32. h5 Be8 33. h6 Bg6 34. Rg3 Ne4 35.
Rge3 Rd8 36. f3 Ng5 37. Re5 $36 {with a continuing strong initiative.}) 24. Ne6
Qe7 25. Nxf8 Rxf8 26. Rac1 {Now e6 is a threat, which forces Black to give
away a pawn.} Nc8 $1 (26... Be8 $2 27. e6 c6 $4 {loses} (27... Na8 {is
necessary, but White has an excellent position after} 28. Rc3 $36 {[%csl Ra8,
Ge6,Rg8][%cal Cb5b4,Cb4c3,Yc3g3,Gh3h4,Gh4h5,Gh5h6] with activity and attacking
chances on the kingside.}) (27... Qd6 $4 28. Qxd6 cxd6 29. Rc7 $18 {[%csl Rb6,
Gc7,Ge1]}) 28. Qb8 $18 {[%csl Rb6] The knight on b6 is lost.}) 27. Rc6 ({
Worse is} 27. Rc5 $2 Be8 28. Rxd5 Nb6 29. Rc5 c6 {[%csl Gd5] wich gives Black
the d5-square for his knight and thereby strong counterplay.}) 27... Be8 28.
Rxa6 c6 29. a4 {Which opens the a-file in order to get his rooks active and
also not to get the a6-rook trapped on the a-file.} Qb7 30. axb5 Qxb5 31. Ra8 (
{Stronger was} 31. Qg5+ $1 Bg6 (31... Kh8 32. Qh6 $1) 32. Rea1 Qb7 33. h4 Qe7
34. Rxc6 $18) 31... Bg6 32. e6 Qb7 33. Rb8 (33. Rea1 $1 {was even better when
both the white rooks can be activated along the eight rank.} Qe7 34. Qe5 Qg7
35. Rb8 $1 Qxe5 36. dxe5 Ne7 37. Raa8 Rxb8 38. Rxb8+ Kg7 39. f4 $1 {[%csl Rg6]
This moves blocks Black's play completely and he is simply out of counterplay.}
d4 40. Kf2 Bh5 41. Rd8 Nd5 42. g3 Bd1 43. b4 d3 44. Ke1 Bf3 45. Kd2 Be4 46. g4
$18) 33... Qa7 {Now Black prevents the other white rook from entering the
a-file.} 34. Qe5 Re8 35. Rc1 (35. e7 $5 Qd7 36. Qe6+ (36. Ra1 Kf7 $1) (36. Qf6)
36... Qxe6 37. Rxe6 Kf7 38. Rxc6 Nxe7 39. Rb7 $16 {[%csl Gb3]}) 35... Ne7 36.
Rxe8+ Bxe8 37. Re1 $6 {A mistake in time trouble. Now Black gets the option to
exchange his f5-pawn for the white d4-pawn which gives him much better chances
to survive.} (37. Qf6 $1 Ng6 38. h4 Qe7 39. Qxf5 Qxh4 40. Ra1 Qf4 41. Qh3 $16)
(37. Rd1 $5 $16 {would have been simple protecting d4 and so preventing ...Ng6.
}) 37... Ng6 $1 38. Qf6 Qg7 39. Qxf5 Qxd4 40. g3 {White prepares the advance
of the h-pawn and takes control over f4 and h4 which restricts the movement of
the black pieces.} ({Interesting was} 40. e7 $5 Qg7 41. Qc8 Qf7 (41... Kf7 42.
Qe6#) 42. Qd8 $1 Nf4 43. Qd6 Ng6 44. Re3 Kg7 45. Rg3 h6 46. h4 $18) 40... Kg7 (
40... Ne7 41. Qg5+ Qg7 42. Qf4 $16) 41. h4 (41. e7 Qf6 42. Qg4 Kf7 43. Re3 $18)
41... h6 $2 {Now White wins by force, but Black's position was already bad and
he is probably lost anyway.} 42. e7 $1 Qf6 43. Qg4 Kh7 (43... Kf7 44. Re3 $18 {
threatening Rf3.}) 44. Qc8 (44. Re6 Qf7 (44... Qg7 45. h5 Nh8 46. Qf5+ Kg8 47.
Kg2 $18) 45. h5 Nh8 46. b4 $18) 44... Qf7 45. h5 Nh8 (45... Nxe7 46. Qd8 $18)
46. Re5 $1 {White is dominating the position and Black is almost in Zugzwang.}
(46. Ra1 $2 {with the idea of Ra8 looks tempting, but is unnecessary as it
allows counterplay by} Qxh5 $1 (46... Qxe7 $2 47. Ra8 Qe1+ 48. Kg2 Qe4+ 49. Kh2
Qe2 50. Qxe8 Qxf2+ 51. Kh3 Qf5+ (51... Qf1+ 52. Kg4 Qd1+ 53. Kf5 Qf3+ 54. Ke6
Qg4+ 55. Kd6 Qxg3+ 56. Kxc6 Qc3+ 57. Kd7 Qg7+ 58. Ke6 Qg4+ 59. Kxd5 Qd1+ 60.
Kc4 Qc2+ 61. Kb4 Qd2+ 62. Ka3 Qd6+ 63. b4 $18) 52. Kg2 Qc2+ 53. Kg1 Qb1+ 54.
Kf2 Qf5+ (54... Qc2+ 55. Qe2 $18) 55. Ke3 Qg5+ 56. Kd4 Qg7+ 57. Kc5 Nf7 58.
Kxc6 Qf6+ 59. Kc7 Qd6+ 60. Kb7 Qb4+ 61. Kc6 Qc3+ 62. Kd7 Qg7 63. Ke6 Ng5+ 64.
Kf5 Nf7 65. Ra6 $1 Qg5+ 66. Ke6 Nd8+ 67. Kd7 $18) 47. Ra8 (47. Ra4 $18) 47...
Ng6 $1 48. Qxe8 Qd1+ 49. Kg2 (49. Kh2 Qh5+ 50. Kg2 Nh4+ $1 (50... Nf4+ $4 51.
Kg1 $18) 51. Kg1 (51. Kh3 Ng6+ $11) 51... Nf3+ 52. Kf1 $4 Qh1+ 53. Ke2 Qe1+ 54.
Kxf3 Qe4#) 49... Nh4+ $1 50. Kh3 Qf1+ 51. Kxh4 Qh1+ 52. Kg4 Qe4+ 53. f4 Qe6+
54. Kf3 Qe4+ 55. Kf2 Qc2+ {with perpetual checks.}) 46... Qg8 (46... d4 47. Qd8
$18) (46... Kg7 47. b4 $1 $18) 47. Qf5+ (47. Re6 Qf7 48. Rd6 Qxh5 49. Rd8 $18)
47... Kg7 48. Re6 Qf7 49. Qe5+ Kh7 50. Rf6 Qxh5 51. Qxh5 Bxh5 52. g4 $1 {
Black resigned. After} (52. g4 Be8 53. Rf8 Bg6 54. f4 Kg7 55. f5 Bf7 56. f6+ $1
$18 {Black has to give away both his pieces in order to stop the passed pawns
from queening.}) 1-0